Die 4 größten Gemeinden pro Kanton (Schweiz) - Statistiken

Allgemein
  • Dieses Quiz wurde 67 mal gespielt
  • Das Durchschnittsergebnis liegt bei 55 aus 103
Antwortstatistiken
Einwohner Städte % Korrekt
21.726 Aarau
96%
76.213 St. Gallen
96%
36.336 Chur
94%
6.009 Appenzell
92%
173.863 Basel
92%
82.620 Luzern
92%
62.315 Lugano
90%
203.856 Genf
88%
33.455 Neuenburg
87%
43.360 Bellinzona
85%
134.794 Bern
85%
10.832 Davos
85%
15.728 Locarno
85%
16.802 Solothurn
85%
421.878 Zürich
85%
19.621 Baden
83%
25.974 Frauenfeld
83%
38.039 Freiburg
83%
36.952 Schaffhausen
83%
114.220 Winterthur
81%
30.934 Zug
81%
55.206 Biel/Bienne
79%
140.202 Lausanne
79%
15.435 Schwyz
79%
12.618 Delsberg
77%
12.539 Glarus
77%
15.649 Herisau
77%
43.476 Thun
75%
34.978 Sitten
73%
10.198 Altdorf
69%
18.496 Olten
69%
31.039 Emmen
67%
17.990 Gossau
65%
36.915 La Chaux-de-Fonds
65%
9.191 Landquart
65%
26.090 Montreux
65%
10.514 Sarnen
65%
35.337 Uster
65%
18.832 Glarus Nord
63%
9.659 Glarus Süd
63%
27.483 Rapperswil-Jona
63%
17.042 Cham
62%
21.718 Nyon
62%
8.377 Stans
62%
28.245 Kriens
60%
18.291 Martigny
60%
17.938 Muttenz
60%
24.686 Baar
58%
29.907 Dübendorf
56%
22.390 Kreuzlingen
56%
6.601 Porrentruy
56%
16.881 Wohlen
56%
42.388 Köniz
54%
17.577 Grenchen
52%
21.099 Wettingen
52%
24.412 Bulle
50%
29.955 Yverdon-les-Bains
50%
21.374 Allschwil
48%
16.247 Einsiedeln
48%
14.211 Horw
48%
14.902 Mendrisio
48%
16.606 Pratteln
46%
14.950 Arbon
44%
21.705 Riehen
44%
6.379 Alpnach
42%
3.950 Erstfeld
40%
16.520 Freienbach
40%
6.187 Hergiswil
40%
10.467 Neuhausen am Rheinfall
40%
5.770 Thayngen
40%
5.487 Buochs
38%
8.286 Domat/Ems
37%
16.819 Siders
37%
5.462 Schattdorf
35%
14.211 Amriswil
33%
6.472 Kerns
33%
13.531 Küssnacht
33%
17.820 Monthey
31%
19.159 Reinach
31%
1.294 Bettingen
29%
33.989 Lancy
29%
4.453 Speicher
29%
3.853 Bürglen
27%
4.316 Heiden
27%
11.212 Risch
27%
5.294 Sachseln
27%
1.464 Gonten
25%
26.129 Meyrin
25%
6.514 Teufen
25%
34.898 Vernier
25%
5.288 Ennetbürgen
21%
17.143 Val-de-Ruz
21%
9.452 Zuchwil
19%
10.296 Estavayer
17%
12.219 Villars-sur-Glâne
17%
10.579 Val-de-Travers
15%
24.132 Will
15%
5.203 Beringen
8%
1.931 Oberegg
8%
7.362 Haute-Sorne
4%
6.060 Schwende-Rüte
4%
18.816 Basel-Gundeldingen
2%
3.667 Courrendlin
0%
Keine übereinstimmenden Quizze gefunden
Verteilung der Resultate
Anzahl Personen mit jedem Resultat
Perzentil nach korrekt beantworteten Fragen
Ihre Resultats-Entwicklung
Sie haben dieses Quiz noch nicht gespielt